Проект № 204-5 двадцатичетырехквартирного дома (Запись № 8053122)

Подробности
000 -МАРКЕР
контрольное поле 01676nam0a22002891 4500
001 - ИДЕНТИФИКАТОР ЗАПИСИ
контрольное поле rc\4128261
005 - ИДЕНТИФИКАТОР ВЕРСИИ
контрольное поле 20260408084316.0
035 ## - ДРУГИЕ СИСТЕМНЫЕ НОМЕРА
Идентификатор записи (NLR Aleph) 007903584
100 ## - ДАННЫЕ ОБЩЕЙ ОБРАБОТКИ
Данные общей обработки 20130415d1948 |||y0rusy50 ca
101 0# - ЯЗЫК РЕСУРСА
Язык текста, звукозаписи и т.д. русский
102 ## - СТРАНА ПУБЛИКАЦИИ ИЛИ ПРОИЗВОДСТВА
Страна публикации Российская Федерация
105 ## - ПОЛЕ КОДИРОВАННЫХ ДАННЫХ: ТЕКСТОВЫЕ МАТЕРИАЛЫ, МОНОГРАФИЧЕСКИЕ
Кодированные данные о монографическом текстовом документе a z |||||
200 1# - ЗАГЛАВИЕ И СВЕДЕНИЯ ОБ ОТВЕТСТВЕННОСТИ
Основное заглавие Проект № 204-5 двадцатичетырехквартирного дома
Первые сведения об ответственности Разраб. Гос. архитектурными мастерскими
Последующие сведения об ответственности Гл. упр. по проектированию жилых зданий. Ком. по делам архитектуры при Совете Министров СССР
210 ## - ПУБЛИКАЦИЯ, РАСПРОСТРАНЕНИЕ И ДР.
Место издания, распространения и т.д. Москва
Имя издателя, распространителя и т. д. изд-во и тип. Гос. архитектурного изд-ва
Дата издания, распространения и т.д. 1948
215 ## - ФИЗИЧЕСКАЯ ХАРАКТЕРИСТИКА
Специфическое обозначение материала и объем 8 с. текста, [40] с. черт.
Размеры (29х44)
225 1# - СЕРИЯ
Основное заглавие серии Серия типовых проектов
Обозначение тома № 204
Наименование части Трехэтажные кирпичные жилые дома (с водопроводом и канализацией)
300 ## - ОБЩИЕ ПРИМЕЧАНИЯ
Текст примечания Автор проекта: архит. Я.[!А.] Заболотная
606 ## - НАИМЕНОВАНИЕ ТЕМЫ КАК ПРЕДМЕТ
Наименование темы Жилые здания, кирпичные
Формальный подзаголовок Проекты и чертежи
Код системы psbo
606 ## - НАИМЕНОВАНИЕ ТЕМЫ КАК ПРЕДМЕТ
Наименование темы Жилые здания, малоэтажные
Формальный подзаголовок Проекты и чертежи
Код системы psbo
701 #1 - ИМЯ ЛИЦА - АЛЬТЕРНАТИВНАЯ ОТВЕТСТВЕННОСТЬ
Начальный элемент ввода Заболотная
Часть имени, кроме начального элемента ввода А.Ю.
Расширение инициалов личного имени Алиса Юльевна
712 01 - НАИМЕНОВАНИЕ ОРГАНИЗАЦИИ - ВТОРИЧНАЯ ОТВЕТСТВЕННОСТЬ
Начальный элемент ввода СССР
Структурное подразделение Главное управление по типовому проектированию и массовому строительству
Идентификатор авторитетной/нормативной записи RU\NLR\AUTH\8810187915
Системный номер авторитетной/нормативной записи 868813
801 #0 - ИСТОЧНИК ЗАПИСИ
Страна Российская Федерация
Организация NLR
Правила каталогизации psbo
801 #1 - ИСТОЧНИК ЗАПИСИ
Страна Российская Федерация
Организация ELAR
Источник данных rusmarc
852 ## - МЕСТОНАХОЖДЕНИЕ И ШИФР ХРАНЕНИЯ
Идентификатор организации NLR
Шифр хранения (Call Number) Т80 Г-9/464
942 ## - ДОПОЛНИТЕЛЬНЫЕ ЭЛЕМЕНТЫ ЗАПИСИ (АБИС)
Тип экземпляра АБИС Книга
980 ## - КОЛЛЕКЦИЯ
Название коллекции Национальная библиография
Экземпляры
Тип экземпляра Дата поступления Библиотека постоянного хранения Библиотека текущего хранения Место хранения Шифр хранения Штрих-код Статус экземпляра
Книга 26.10.2013 РНБ (Садовая) РНБ (Садовая) Русский книжный фонд -Главное здание, Ленинский читальный зал Т80 Г-9/464 7903584-10